00657nam a2200193 a 450000100060000000300090000600800410001504000280005608200220008410000310010624500690013726000340020630000090024059001010024965000420035065000420039294200120043499900170044620369CO-ViMGA141112s2004 ck r 000 u spa d aCO-ViMGAbspacCO-ViMGA04a327.8600987 V156r1 aValois Arce, Daniel92940910aReseña histórica sobre los límites de Colombia y Venezuela aMedellín : bBedout, c1970 a128p aForma de adquisición : Donación - - Precio : 12000 - - Fecha de adquisición : Febrero 200514aCOLOMBIA - LIMITES - VENEZUELA92941014aVENEZUELA - LIMITES - COLOMBIA929411 2ddccBK c29374d29374